Datum a čas kvízu
19.5
Celkem bodů
Celkový počet nahraných bodů na tomto kvízu bez doplňovacích otázek.
8.
Pořadí na kvízu
Konečné umístění týmu na tomto kvízu.
Zaznamenané odpovědi
| # | Otázka | Odpověď | Body | Výsledky |
|---|---|---|---|---|
| 1. | Starosta jedné městské části T... | v Brně | 0 | |
| 2. | Ve čtvrtek jsme se dozvěděli,... | Katy Perry | 1 | |
| 3. | Minulý týden byly zveřejněny v... | Henry Cavill | 1 | |
| 4. | Jak se nazývá nová platforma,... | Oneplay | 1 | |
| 5. | Jeden známý fotbalista dostal... | Lionel Messi | 0 | |
| 6. | Jak zní oficiální anglický náz... | Montenegro | 0 | |
| 7. | V jistém městě v Královéhradec... | Červený Kostelec | 0 | |
| 8. | Která známá historická osobnos... | Adolf Hitler | 0 | |
| 9. | Jak se jmenuje prales na hrani... | Bělověžský prales | 0 | |
| 10. | Jak se nazývá německé pohoří,... | Černý les (Schwarzwald) | 0 |